00000000nam##2200000za#4500
0019.640584
003CaOODSP
00520210624222738
007cr |||||||||||
008150407|1998||||xxc|||||o    f|0| 0 fre|d
040 |aCaOODSP|bfre
043 |an-cn---
0861 |aF2-216/1998F-PDF
1101 |aCanada. |bMinistère des finances.
24510|aAvant-projet de modification de la Loi de l'impôt sur le revenu concernant la démutualisation des compagnies d'assurance : |h[ressource électronique]|bnotes explicatives
260 |aOttawa - Ontario : |bFinances Canada |c1988.
300 |a24p.
590 |a12-33-Supp|b2012-07-18
69107|aCompagnie d'assurances|2gcpds
69107|aImpôt sur le revenu|2gcpds
69107|aLégislation|2gcpds
77508|tExplanatory notes to draft income tax legislation on demutualization of insurance companies |w(CaOODSP)9.696469
85640|ahttp://publications.gc.ca|qPDF|s62 Ko|uhttps://publications.gc.ca/collections/Collection/F2-216-1998-fra.pdf